Journalism (Record no. 3940)

MARC details
000 -LEADER
fixed length control field 00389nam a22001697a 4500
005 - DATE AND TIME OF LATEST TRANSACTION
control field 20160625103859.0
008 - FIXED-LENGTH DATA ELEMENTS--GENERAL INFORMATION
fixed length control field 160625b xxu||||| |||| 00| 0 eng d
020 ## - INTERNATIONAL STANDARD BOOK NUMBER
ISBN 81-229-0171-9
041 ## - LANGUAGE CODE
Language code of text/sound track or separate title eng
082 ## - DEWEY DECIMAL CLASSIFICATION NUMBER
Item number 9995
100 ## - MAIN ENTRY--AUTHOR NAME
Personal name Cropp, Fritz and others
245 ## - TITLE STATEMENT
Title Journalism
260 ## - PUBLICATION, DISTRIBUTION, ETC. (IMPRINT)
Name of publisher Surjeet
Year of publication 2004
300 ## - PHYSICAL DESCRIPTION
Number of Pages 237
650 ## - SUBJECT ADDED ENTRY--TOPICAL TERM
Topical Term Mass Communication
942 ## - ADDED ENTRY ELEMENTS (KOHA)
Koha item type Books
Holdings
Lost status Damaged status Home library Current library Shelving location Date acquired Cost, normal purchase price Full call number Accession Number Koha item type
    JRU Library   SHELF-31-H 25/06/2016 195.00 9995 9995 Books
    JRU Library   SHELF-31-H 25/06/2016 195.00 9995 9996 Books
    JRU Library   SHELF-31-H 25/06/2016 195.00 9995 9997 Books
    JRU Library   SHELF-31-H 25/06/2016 195.00 9995 9998 Books
    JRU Library   SHELF-31-H 25/06/2016 195.00 9995 9999 Books